000 00350nam a2200133Ia 4500
008 230411s9999 xx 000 0 und d
041 _aeng
082 _aF/610.7302/GUP/B07344
100 _aGupta L C
_9176314
245 _aPractical Nursing Procedures
260 _bJaypee Brothers
_aNew Delhi
_c2007
300 _a552p
999 _c157476
_d157476